01160naa a22003017a 4500001001000000003000900010005001700019007000300036008003400039040005400073041000900127072001400136090001800150100001800168100001900186245007000205260003600275500013400311650001200445650001800457650001300475650002100488773013100509909003600640942001400676999001900690952014900709BR8905567BR-BrBNA20240918180550.0ta230509b bl.||||| |||| 00| 0 por d aBR-BrBNAbporcBiblioteca Nacional de Agricultura a(Pt) aF04b3866 aF04 BR89055671 aPonchio, C.O.1 aBallio, L.A.C.1 aFontes de enxofre e micronutrientes para a agricultura brasileira3 aLondrina, PR (Brasil): c1988.  aAnais do simposio: Enxofre e micronutrientes na agricultura brasileira Londrina, PR (Brasil): 1988. p. 265-275 (BR8905567-AM)F04  aENXOFRE aMICROELEMENTO aADUBACAO aNUTRICAO VEGETAL0 tAnais do simposio: Enxofre e micronutrientes na agricultura brasileirawF04 BR8905567gLondrina, PR (Brasil), 1988. p. 265-275 a202404bLuciac55dLucia Elande cAM2AGRIS c321089d321089 002AGRIS40708Acervo Gerala41918b41918cAgrobasel0o3866 BR8905556r2024-05-20t01yAM10d2024-04-11ePortaria Interministerial nÂș 164/94